00738nam a2200205 i 4500001000700000003000900007005001700016007000300033008004100036080005200077100004700129245013900176260003900315300002700354490002700381500004300408700002100451830002700472852003300499104887ES-MaACL20230906183722.0t|060522s1966 gw ||||1| fre d a1(081) Leibniz, Gottfried Wilhelm, Freiherr von1 aLeibniz, Gottfried Wilhelm cFreiherr von.10aOpuscules et fragments inédits de Leibniz b: extraits des manuscrits de la Bibliothèque Royale de Hanovre / cpar Louis Couturat. aHildesheim : bGeorg Olms, c1966. aXIV, 682 p. ; c24 cm.1 aOlms Paperbacks ; v27 aBiblioteca Jacinto Martínez Lacalle.1 aCouturat, Louis.0 aOlms Paperbacks ; v27 aES-MaACLjE-11206 bR.138915